Renacimiento y reforma

Furkejuvvon:
Bibliográfalaš dieđut
Váldodahkki: Cairns, Trevor (Dahkki)
Materiálatiipa: Girji
Giella:espánnjágiella
Almmustuhtton: Madrid Akal 1991
Ráidu:Colección Historia del Mundo para Jóvenes, 6
Fáttát:
Fáddágilkorat: Lasit fáddágilkoriid
Eai fáddágilkorat, Lasit vuosttaš fáddágilkora!

MARC

LEADER 00000nam a2200000 a 4500
001 UCO1399
003 CL-VaPUC
008 000512e19910000SP |||||||||||||||||spa|d
082 0 4 |a 940.21  |b CAI  |2 21 
100 0 |a Cairns, Trevor  |e author  |9 443475 
245 1 0 |a Renacimiento y reforma 
300 |a 95 p 
942 |c BK 
945 |d 20000512 00:00:00  |a rbrito 
260 |a Madrid  |b Akal  |c 1991 
650 0 |a Renacimiento  |9 255107 
650 0 |a Historia  |9 255047 
650 7 |a REFORMA RELIGIOSA  |2 CL-VaPUC  |9 257490 
651 0 |a Europa  |9 255156 
583 |a last modification  |c 20000512 00:00:00  |k Rodrigo Vera 
490 0 |a Colección Historia del Mundo para Jóvenes, 6 
999 |c 288022  |d 288020 
952 |0 0  |1 0  |4 0  |6 940_210000000000000_CAI_1991  |7 0  |8 A  |9 335191  |a BIBHIS  |b BIBHIS  |d 2019-11-20  |i 3621987  |l 1  |o 940.21 CAI 1991  |p 3621987  |r 2025-01-20  |s 2022-07-21  |w 2019-11-20  |y BK  |k HIS